The Muppet show. 3 /

Join the hardest working Muppets in showbiz-- Kermit the Frog, Miss Piggy, Animal and Fozzie Bear in this fall-down-funny third season.

Bibliographic Details
Uniform Title:Muppet show (Television program).
Corporate Authors: Associated Television Corporation, Henson Associates, Incorporated Television Company, Jim Henson Company, Buena Vista Home Entertainment (Firm)
Other Authors: Oz, Frank, Henson, Jim, Goelz, Dave, Hunt, Richard, 1951-1992
Format: Video DVD
Language:English
Language Notes:Subtitles for the deaf and hard-of-hearing.
Edition:Special ed.
Subjects:

MARC

Tag First Indicator Second Indicator Subfields
LEADER 00000cgm a2200000Ka 4500
001 in00002467337
005 20151110041102.0
007 vd cvaizq
008 080513s2008 xxk612 j vceng d
020 |a 0788885790 
020 |a 9780788885792 
024 1 |a 786936755831 
028 4 2 |a 56499  |b Buena Vista Home Entertainment (set) 
028 4 2 |a M2781--M2784  |b Buena Vista Home Entertainment (discs) 
035 |a (OCoLC)ocn228032478 
035 |a (OCoLC)228032478 
040 |a ONW  |c ONW  |d ONW  |d JP3  |d IHI  |d RCS  |d GK8  |d VP@  |d UtOrBLW 
049 |a TXAM 
050 1 4 |a PN1992.77  |b .M87748 2008 
082 0 4 |a 791.45/75  |2 22 
090 |a PN1992.77.M84  |b M843 2008 
130 0 |a Muppet show (Television program).  |n Season 3. 
245 1 4 |a The Muppet show.  |n 3 /  |c [Associated Television ; Henson Associates ; Incorporated Television Company ; Jim Henson Company]. 
246 1 8 |a Muppet show.  |n The complete third season 
246 1 |i Title on disc labels:  |a Muppet show.  |n Season three 
246 3 |a Mupper show.  |n Season 3 
250 |a Special ed. 
264 2 |a Burbank, Calif. :  |b Distributed by Buena Vista Home Entertainment,  |c 2008. 
300 |a 4 videodiscs (approximately 612 min.) :  |b sound, color ;  |c 4 3/4 in. 
336 |a two-dimensional moving image  |b tdi  |2 rdacontent 
337 |a video  |b v  |2 rdamedia 
338 |a videodisc  |b vd  |2 rdacarrier 
538 |a DVD; region 1; NTSC; full screen (1.33:1) presentation; Dolby Digital, dual-layer, NTSC, digitally mastered and restored. 
546 |a Subtitles for the deaf and hard-of-hearing. 
500 |a Title from container. 
511 0 |a Voices: Frank Oz, Jim Henson, Dave Goelz, Richard Hunt. 
500 |a Originally broadcast on television in 1978. 
500 |a Contains all 24 episodes from the third season. 
521 8 |a Rating: TV-G. 
520 |a Join the hardest working Muppets in showbiz-- Kermit the Frog, Miss Piggy, Animal and Fozzie Bear in this fall-down-funny third season. 
505 0 |a Disc 1: Episode 1: Guest stars, Kris Kristofferson & Rita Coolidge ; Episode 2: Guest star, Leo Sayer ; Episode 3: Guest star, Roy Clark ; Episode 4: Guest star, Gilda Radner ; Episode 5: Guest star, Pearl Bailey ; Episode 6: Guest star, Jean Stapleton -- Disc 2: Episode 7: Guest star, Alice Cooper ; Episode 8: Guest star, Loretta Lynn ; Episode 9: Guest star, Liberace ; Episode 10: Guest star, Marisa Berenson ; Episode 11: Guest star, Raquel Welch ; Episode 12: Guest star, James Coco ; Episode 13: Guest star, Helen Reddy -- Disc 3: Episode 14: Guest star, Harry Belafonte ; Episode 15: Guest star, Lesley Ann Warren ; Episode 16: Guest star, Danny Kaye ; Episode 17: Guest star, Spike Milligan ; Episode 18: Guest star, Leslie Uggams ; Episode 19: Elke Sommers ; Episode 20: Guest star, Sylvester Stallone -- Disc 4: Episode 21: Guest star, Roger Miller ; Episode 22: Guest stars, Roy Rogers & Dale Evans ; Episode 23: Guest star, Lynn Redgrave ; Episode 24: Guest star, Cheryl Ladd. 
500 |a Special features: Disc 4: Muppets on puppets; A company of players; Muppets commercials. 
500 |a Videorecording. 
650 0 |a Muppets (Fictitious characters)  |v Juvenile films. 
650 0 |a Friendship  |v Juvenile films. 
650 1 |a Muppets (Fictitious characters)  |v Drama. 
650 1 |a Friendship  |v Drama. 
655 7 |a Television programs.  |2 lcgft 
655 7 |a Puppet television programs.  |2 lcgft 
655 7 |a Children's television programs.  |2 lcgft 
655 7 |a Variety shows (Television programs)  |2 lcgft 
655 7 |a Television comedies.  |2 lcgft 
655 7 |a Television programs for the hearing impaired.  |2 lcgft 
700 1 |a Oz, Frank. 
700 1 |a Henson, Jim. 
700 1 |a Goelz, Dave. 
700 1 |a Hunt, Richard,  |d 1951-1992. 
710 2 |a Associated Television Corporation. 
710 2 |a Henson Associates. 
710 2 |a Incorporated Television Company. 
710 2 |a Jim Henson Company. 
710 2 |a Buena Vista Home Entertainment (Firm) 
994 |a C0  |b TXA 
948 |a cataloged  |b h  |c 2009/1/15  |d c  |e blrosas  |f 2:00:14 pm 
999 |a MARS 
999 f f |s 693a28c1-0ed7-3091-be1d-faa7ef3c2898  |i 76b3c595-bb8f-3d14-bdbd-67851092c5dd  |t 0 
952 f f |p dvd  |a Texas A&M University  |b College Station  |c Sterling C. Evans Library  |d Evans: Media and Reserves (Annex 1st floor)  |t 0  |e PN1992.77.M84 M843 2008  |h Library of Congress classification  |i video -- videodisc  |m A14837548214 
998 f f |a PN1992.77.M84 M843 2008  |t 0  |l Evans: Media and Reserves (Annex 1st floor)